00531 2200205 4500001002100000005001700021006001900038008004100057020001800098035002500116082001000141090001600151100002000167245004100187250001000228260003600238990001700274990001700291990001700308INLIS00000000001136420150808134342.0a ||| | 180719| ||| |  a979-450-474-2 a0010-0815000000000480 a659.2 a659.2 YOS m0 aYOSAL IRIANTARA00aMANAJEMEN STRATEGIS PUBLIC RELATIONS aCET.1 aJAKARTAbGHALIA INDONESIAc2004 a1614/PC/2015 a1615/PC/2015 a1614/PC/2015